000 01525cam a2200133 4500500
005 20251214001924.0
041 _afre
042 _adc
100 1 0 _aBarou, Jacques
_eauthor
245 0 0 _aDe l'Afrique à la France : D’une génération à l’autre
260 _bArmand Colin,
_c2011.
520 _aEn dépit de son importance croissante, l’immigration venue d’Afrique subsaharienne est encore peu connue et fait toujours l’objet de nombreux stéréotypes. Cet ouvrage en apporte un éclairage nouveau à partir d’une enquête originale menée auprès de deux générations – les immigrés et leurs enfants nés ou arrivés très jeunes en France –, afin de mieux comprendre la dynamique de leurs destins respectifs.Cette enquête, première du genre, a porté sur tous les aspects de la vie familiale et sociale, la place de l’éducation scolaire et celle de la vie professionnelle ou encore la forme et l’évolution des liens intergénérationnels. Elle prend notamment en compte le sentiment d’identité, entre la France et le pays d’origine, la question des discriminations, les différences d’héritage culturel et social, ses transmissions et mutations.L’ouvrage révèle ainsi une réalité bien éloignée des clichés et apporte un regard neuf, objectif et riche en enseignements sur une immigration complexe, aux trajectoires singulières.
856 4 1 _uhttps://shs.cairn.info/de-lafrique-a-la-france-dune-generation-a-lautre--9782200255848?lang=fr&redirect-ssocas=7080
999 _c1566572
_d1566572